Statistics for 5 Biggest Cities : Papua New Guinea

Click here to take the quiz!

General Stats

  • This quiz has been taken 34 times
  • The average score is 2 of 5

Answer Stats

Rank City % Correct
1Port Moresby
96%
2Lae
67%
4Mt Hagen
13%
3Arawa
4%
5Popondetta
4%

Score Distribution

Percentile by Number Answered

Percent of People with Each Score

Your Score History

You have not taken this quiz